| 000 | 00726nam a2200253Ia 4500 | ||
|---|---|---|---|
| 003 | OSt | ||
| 005 | 20220927105306.0 | ||
| 006 | a|||||r|||| 00| 0 | ||
| 007 | ta | ||
| 008 | 220926b |||||||| |||| 00| 0 eng d | ||
| 020 | _a0333493680 | ||
| 024 | _a188053 | ||
| 037 | _cReference Collections | ||
| 040 |
_aRTL _cRTL _beng |
||
| 041 |
_2eng _aeng |
||
| 082 | _a"Y9(W), N0" | ||
| 100 |
_aJamieson Lynn Ed. _9371438 |
||
| 245 | 0 | _a"State, private life and political change" | |
| 260 |
_aHampshire _bMacmillan Press Ltd. _c1990 |
||
| 300 |
_a"xi, 247" _ccm. |
||
| 700 |
_a Corr Helen Ed. _9371439 |
||
| 942 |
_h"Y9(W), N0" _cCC |
||
| 999 |
_c691626 _d691626 |
||